| 000 | 00547nam a22001817a 4500 | ||
|---|---|---|---|
| 003 | OSt | ||
| 005 | 20260430024410.0 | ||
| 008 | 260430b |||||||| |||| 00| 0 eng d | ||
| 020 | _a9716891641 | ||
| 040 |
_aDWCL Main Lib. _cOC |
||
| 082 | _aFil. 899.211 V627i 1997 | ||
| 100 | _aVico, Lorilie | ||
| 245 |
_aIbong adarna / _cLorilie Vico |
||
| 260 |
_aManila, Philippines : _bSt. Augustine Publication, _cc1997. |
||
| 300 |
_ax , 318 pages : _billustrations ; _c26cm. |
||
| 504 | _aIncludes bibliographic and index. | ||
| 942 |
_2ddc _cBK - FIL _n0 |
||
| 999 |
_c10083 _d10083 |
||